| 000 | 00766nam a2200205 i 4500 | ||
|---|---|---|---|
| 001 | 63059 | ||
| 003 | ES-MaACL | ||
| 005 | 20230906164759.0 | ||
| 007 | t| | ||
| 008 | 031128s1950 sp f c |||| | spa d | ||
| 110 | 2 |
_aHemeroteca Nacional ( _cEspaña) _94563 |
|
| 245 | 1 | 0 |
_aPublicaciones diarias periódicas extranjeras que recibe la Hemeroteca Nacional / _cpor Ramón Fernández Pousa. |
| 260 |
_aMadrid : _b[s.n.], _c1950 ( _fImp. E.M.E) |
||
| 300 |
_a37 p., [9] h. de lám. ; _c22 cm. |
||
| 610 | 2 | 4 |
_aHemeroteca Nacional (España)- _vCatálogos. _9162896 |
| 650 | 4 |
_aPublicaciones periódicas- _zHemeroteca Municipal de Madrid- _vCatálogos. _9141345 |
|
| 700 | 1 |
_aFernández Pousa, Ramón _950010 |
|
| 852 |
_aES-MaACL _j1918-F-20 |
||
| 999 |
_c63059 _d63059 |
||